[Event "Heusenstamm Schloss op"]
[Site "Heusenstamm"]
[Date "2023.11.26"]
[Round "6"]
[White "Guertler, Karl Heinz"]
[Black "Scheerer, Amelie"]
[Result "1-0"]
[WhiteElo "1871"]
[BlackElo "1583"]
[PlyCount "53"]
[EventDate "2023.11.23"]
[EventType "swiss"]
[EventRounds "7"]
[EventCountry "GER"]
[SourceTitle "CB48_2023"]
[SourceDate "2023.11.29"]
[SourceVersion "1"]
[SourceVersionDate "2023.11.29"]
[SourceQuality "1"]

1. e4 e5 2. Nf3 Nc6 3. Bc4 Bc5 4. b4 Bxb4 5. c3 Be7 6. d4 exd4 7. Qb3 Na5 8. Bxf7+ Kf8 9. Qa4 Kxf7 10. Qxa5 Nf6 11. e5 Ne8 12. 0-0 c6 13. Qa4 Nc7 14. Qb3+ Nd5 15. c4 Nb6 16. Nxd4 c5 17. Qf3+ Kg8 18. Nf5 Qf8 19. Nc3 g6 20. Nxe7+ Qxe7 21. Bh6 Qf7 22. Qg3 Qf5 23. Rfe1 Qh5 24. Qf4 Qf5 25. Qh4 Kf7 26. Ne4 Re8 27. Nd6+ 1-0

[Event "Heusenstamm Schloss op"]
[Site "Heusenstamm"]
[Date "2023.11.25"]
[Round "4"]
[White "Guertler, Karl Heinz"]
[Black "Merz, Leander"]
[Result "0-1"]
[WhiteElo "1871"]
[BlackElo "1743"]
[PlyCount "60"]
[EventDate "2023.11.23"]
[EventType "swiss"]
[EventRounds "7"]
[EventCountry "GER"]
[SourceTitle "CB50_2023"]
[SourceDate "2023.12.13"]
[SourceVersion "1"]
[SourceVersionDate "2023.12.13"]
[SourceQuality "1"]

1. e4 c6 2. d4 d5 3. exd5 cxd5 4. Bd3 Nc6 5. c3 Nf6 6. h3 e5 7. dxe5 Nxe5 8. Qe2 Qe7 9. Be3 g6 10. Bb5+ Bd7 11. Bd4 Bxb5 12. Qxe5 Qxe5+ 13. Bxe5 Bg7 14. Na3 Ba6 15. 0-0-0 b6 16. Nf3 Rd8 17. Nd4 0-0 18. Nc6 Rd7 19. Nb8 Rxb8 20. Bxb8 Ne4 21. Bg3 Be2 22. Rde1 Bd3 23. Nc2 Bh6+ 24. Kd1 a5 25. Nd4 f5 26. Bh4 Rc7 27. f3 Rxc3 28. Nb3 a4 29. fxe4 axb3 30. bxc3 b2 0-1

[Event "Heusenstamm Schloss op"]
[Site "Heusenstamm"]
[Date "2023.11.24"]
[Round "2"]
[White "Guertler, Karl Heinz"]
[Black "Rabiya, Karim"]
[Result "0-1"]
[WhiteElo "1871"]
[BlackElo "1737"]
[PlyCount "140"]
[EventDate "2023.11.23"]
[EventType "swiss"]
[EventRounds "7"]
[EventCountry "GER"]
[SourceTitle "CB50_2023"]
[SourceDate "2023.12.13"]
[SourceVersion "1"]
[SourceVersionDate "2023.12.13"]
[SourceQuality "1"]

1. e4 Nf6 2. e5 Nd5 3. d4 d6 4. Bc4 Nb6 5. e6 Nxc4 6. exf7+ Kxf7 7. Qf3+ Kg8 8. Qd5+ e6 9. Qxc4 Be7 10. Nf3 Kf7 11. h4 h6 12. Nc3 b6 13. d5 Qd7 14. Nd4 e5 15. Ne6 c6 16. Qg4 Bf6 17. h5 cxd5 18. Nxd5 Qxe6 19. Qg6+ Kf8 20. Nc7 Qf7 21. Nxa8 Qxg6 22. hxg6 Na6 23. Be3 Bb7 24. Nxb6 axb6 25. Bxb6 Bxg2 26. Rg1 Be4 27. Rg4 d5 28. f3 h5 29. Rg1 Bxf3 30. c3 Ke7 31. a4 h4 32. Kf2 Be4 33. Rae1 h3 34. Rxe4 dxe4 35. b4 h2 36. Rh1 Bg5 37. Kg2 Bf4 38. b5 Nb8 39. c4 Rh6 40. a5 Rxg6+ 41. Kf1 Nd7 42. Bf2 Rd6 43. c5 Rd1+ 44. Kg2 Rxh1 45. Kxh1 e3 46. Be1 Nxc5 47. Bb4 e2 48. Bxc5+ Kd7 49. Bf2 Kc7 50. Be1 e4 51. Kg2 g5 52. Bb4 g4 53. Be1 g3 54. Kh1 Kb7 55. Kg2 Bc7 56. Kh1 Bd6 57. Kg2 Be5 58. Kh1 Bd4 59. Bxg3 Bc3 60. a6+ Ka8 61. b6 e1Q+ 62. Bxe1 Bxe1 63. Kxh2 Ba5 64. b7+ Kb8 65. Kg2 Kc7 66. Kf1 Bb6 67. Ke2 Ba7 68. Kd2 Kd6 69. b8Q+ Bxb8 70. Ke3 Kd5 0-1

[Event "Marburg op-A"]
[Site "Marburg"]
[Date "2023.10.29"]
[Round "6"]
[White "Guertler, Karl Heinz"]
[Black "Feshchenko, Diana"]
[Result "0-1"]
[WhiteElo "1864"]
[BlackElo "1385"]
[PlyCount "80"]
[EventDate "2023.10.26"]
[EventType "swiss"]
[EventRounds "7"]
[EventCountry "GER"]
[SourceTitle "CB49_2023"]
[SourceDate "2023.12.06"]
[SourceVersion "1"]
[SourceVersionDate "2023.12.06"]
[SourceQuality "1"]

1. e4 c5 2. Nf3 d6 3. Nc3 e5 4. Bc4 g6 5. d3 h6 6. Be3 Bg7 7. Qd2 Nf6 8. h3 Nc6 9. Nd5 Be6 10. c3 Bxd5 11. exd5 Ne7 12. Bb5+ Kf8 13. c4 a6 14. Ba4 Rb8 15. Bc2 b5 16. 0-0 Nh5 17. Rab1 f5 18. g3 g5 19. Qe1 f4 20. Bd2 Qd7 21. Kg2 Nf6 22. b4 cxb4 23. d4 bxc4 24. Bxb4 exd4 25. Nxd4 Nfxd5 26. Qe4 Rxb4 27. Ne6+ Kf7 28. Nxg7 Rxb1 29. Rxb1 Kxg7 30. Qxc4 Nf6 31. Qxa6 Rc8 32. Rb7 Rc7 33. Rxc7 Qxc7 34. Qd3 Qc6+ 35. f3 fxg3 36. Kxg3 Qd5 37. a4 Nh5+ 38. Kg4 Nf6+ 39. Kg3 Nh5+ 40. Kg4 Qe6+ 0-1

[Event "Hofheim Spring op-B 6th"]
[Site "Hofheim"]
[Date "2018.04.06"]
[Round "6"]
[White "Kolker, Vladislav"]
[Black "Guertler, Karl Heinz"]
[Result "1-0"]
[WhiteElo "1990"]
[BlackElo "1922"]
[PlyCount "49"]
[EventDate "2018.04.03"]
[EventType "swiss"]
[EventRounds "9"]
[EventCountry "GER"]
[SourceTitle "EXT 2020"]
[Source "ChessBase"]
[SourceDate "2019.10.17"]
[SourceVersion "1"]
[SourceVersionDate "2019.10.17"]
[SourceQuality "1"]

1. e4 e5 2. f4 exf4 3. Nf3 Nf6 4. Nc3 d5 5. exd5 Nxd5 6. Nxd5 Qxd5 7. d4 Be7 8. Be2 g5 9. 0-0 0-0 10. Ne5 Nc6 11. Nxc6 Qxc6 12. Bd3 Qh6 13. Qf3 Bd7 14. Qxb7 Bc6 15. Qxc7 Rae8 16. Bd2 f3 17. g3 Bd8 18. Qxa7 Qh3 19. Rf2 Re6 20. Qc5 Be7 21. Qf5 g4 22. Bf1 Rf6 23. Qg5+ Rg6 24. Qxe7 Qh5 25. Qe5 1-0

[Event "Wiesbaden op 29th"]
[Site "Wiesbaden"]
[Date "2017.08.27"]
[Round "7"]
[White "Koellner, Christoph"]
[Black "Guertler, Karl Heinz"]
[Result "1/2-1/2"]
[WhiteElo "2105"]
[BlackElo "1912"]
[PlyCount "120"]
[EventDate "2017.08.24"]
[EventType "swiss"]
[EventRounds "7"]
[EventCountry "GER"]
[SourceTitle "CBM 180 Extra"]
[Source "ChessBase"]
[SourceDate "2017.10.06"]
[SourceVersion "1"]
[SourceVersionDate "2017.10.06"]
[SourceQuality "1"]

1. d4 d6 2. Nf3 Nd7 3. c3 e5 4. e4 Be7 5. Nbd2 Ngf6 6. Bc4 0-0 7. 0-0 c6 8. Bb3 Qc7 9. Re1 Nb6 10. Nf1 exd4 11. Nxd4 d5 12. e5 Ne4 13. Bc2 a6 14. f3 c5 15. fxe4 cxd4 16. cxd4 f6 17. exf6 Rxf6 18. e5 Rc6 19. Bd3 Be6 20. Ne3 Qd7 21. b3 Rf8 22. Bd2 Rf4 23. Nc2 Rh4 24. Qf3 Bg4 25. Qf2 Qe8 26. Rf1 Bh5 27. g3 Bg6 28. Bxg6 Qxg6 29. Rac1 Re4 30. Nb4 Rxc1 31. Rxc1 h5 32. Nd3 h4 33. Nf4 Qg4 34. Kh1 g5 35. Ng6 Ba3 36. Rf1 Qe6 37. Qf6 Qxf6 38. Rxf6 Rxd4 39. Bxg5 h3 40. Rf1 Re4 41. Nf4 Rxe5 42. Nxh3 Bc5 43. Bd8 Re2 44. Nf4 Rxa2 45. Bxb6 Bxb6 46. Nxd5 Bd8 47. Rc1 Rd2 48. Nf4 Kf7 49. Rc3 Kf6 50. h4 Kf5 51. Rd3 Rxd3 52. Nxd3 b6 53. Kg2 Ke4 54. Nf4 Bxh4 55. gxh4 Kxf4 56. Kf2 a5 57. Ke2 b5 58. Kd3 a4 59. bxa4 bxa4 60. Kc3 Kg4 1/2-1/2

[Event "GER-chB Seniors 28th"]
[Site "Niederhausen"]
[Date "2016.08.20"]
[Round "8"]
[White "Guertler, Karl Heinz"]
[Black "Wolter, Guenter"]
[Result "1-0"]
[WhiteElo "1899"]
[BlackElo "1820"]
[PlyCount "65"]
[EventDate "2016.08.13"]
[EventType "swiss"]
[EventRounds "9"]
[EventCountry "GER"]
[SourceTitle "EXT 2019"]
[Source "ChessBase"]
[SourceDate "2018.10.10"]
[SourceVersion "1"]
[SourceVersionDate "2018.10.10"]
[SourceQuality "1"]

1. e4 e6 2. d4 d5 3. e5 c5 4. c3 Nc6 5. Nf3 Nge7 6. Bd3 cxd4 7. cxd4 Bd7 8. Nc3 a6 9. h4 h6 10. Be3 Nc8 11. Rh3 f5 12. Ne2 Bb4+ 13. Kf1 Qe7 14. Nf4 Qf7 15. h5 N8e7 16. a3 Ba5 17. Rc1 Na7 18. Nh4 Rc8 19. Rxc8+ Naxc8 20. g4 fxg4 21. Qxg4 Nf5 22. Nxf5 exf5 23. Qg2 Ne7 24. Rg3 Rg8 25. b4 Bd8 26. Bc2 Bb5+ 27. Kg1 Bc4 28. a4 b5 29. Ng6 Nc6 30. Rf3 Ne7 31. Nxe7 Bxe7 32. Bxf5 Qxh5 33. Bg6+ 1-0

[Event "GER-chB Seniors 28th"]
[Site "Niederhausen"]
[Date "2016.08.17"]
[Round "5"]
[White "Baur, Helmut"]
[Black "Guertler, Karl Heinz"]
[Result "0-1"]
[WhiteElo "1779"]
[BlackElo "1899"]
[PlyCount "56"]
[EventDate "2016.08.13"]
[EventType "swiss"]
[EventRounds "9"]
[EventCountry "GER"]
[SourceTitle "EXT 2019"]
[Source "ChessBase"]
[SourceDate "2018.10.10"]
[SourceVersion "1"]
[SourceVersionDate "2018.10.10"]
[SourceQuality "1"]

1. d4 d6 2. e4 e5 3. dxe5 dxe5 4. Qxd8+ Kxd8 5. Nf3 f6 6. c4 Be6 7. Nc3 c6 8. Be3 Nd7 9. Be2 Bc5 10. Bxc5 Nxc5 11. b4 Nd7 12. 0-0 Kc7 13. Rfd1 Nh6 14. c5 Rad8 15. Nd2 Nf7 16. Bc4 Bxc4 17. Nxc4 Nb8 18. f3 Na6 19. a3 b6 20. cxb6+ axb6 21. Kf2 Ng5 22. Ke3 b5 23. Na5 Ne6 24. Nxb5+ cxb5 25. Rac1+ Kb6 26. Rc6+ Ka7 27. Rxd8 Nxd8 28. Rc8 Nf7 0-1

[Event "Hessen-chA"]
[Site "Korbach"]
[Date "2013.03.30"]
[Round "6"]
[White "Helms, Sven"]
[Black "Guertler, Karl Heinz"]
[Result "1/2-1/2"]
[WhiteElo "2065"]
[BlackElo "2087"]
[PlyCount "46"]
[EventDate "2013.03.27"]
[EventType "swiss"]
[EventRounds "7"]
[EventCountry "GER"]
[SourceTitle "EXT 2014"]
[Source "ChessBase"]
[SourceDate "2013.11.20"]
[SourceVersion "1"]
[SourceVersionDate "2013.11.20"]
[SourceQuality "1"]

1. d4 d6 2. Nf3 Nd7 3. e4 e5 4. c3 Ngf6 5. Bd3 Be7 6. 0-0 0-0 7. Na3 c6 8. Nc4 Qc7 9. Bg5 h6 10. Bh4 Re8 11. Qc2 Nh5 12. Rfe1 Bxh4 13. Nxh4 g6 14. Rad1 Nb6 15. dxe5 dxe5 16. Ne3 Qe7 17. Nf3 Nf6 18. a4 Bg4 19. Nxg4 Nxg4 20. h3 Nf6 21. Nd2 Rad8 22. a5 Nc8 23. b4 Nh5 1/2-1/2